000 00628nam a2200205 a 4500
001 000010355
005 20260305073958.0
008 091006s1974 dr a 000 p spa d
040 _aDO-SdBNP
_bspa
_cBNPHU
082 _aRD861.44
_bG377h
100 1 _aGerón, Candido,
_d1948-
_93577
245 1 0 _aHuellas de dolor /
_cCándido Gerón.
260 _aSanto Domingo :
_bTaller,
_c1974.
300 _a32 p. :
_bil. ;
_c21 cm.
490 1 _aBiblioteca Taller
_v38
650 0 _aPoesía dominicana
_966
650 0 _aLiteratura dominicana.
_967
830 0 _aBiblioteca Taller
_v38
_9164
910 _aValidado. Control de calidad BNPHU
999 _c10114
_d10114